| 000 | 00419nam a22001217a 4500 | ||
|---|---|---|---|
| 999 |
_c56975 _d56975 |
||
| 005 | 20201224144329.0 | ||
| 008 | 190916s2019 ru ||||| |||| 00| 0 rur d | ||
| 020 | _qISSN 0202-9545 | ||
| 040 | _crur | ||
| 245 |
_aМатематический анализ 13 Б. _b2019 / РЕФЕРАТИВНЫЙ ЖУРНАЛ : Электронное издание. |
||
| 260 |
_aМосква : _bВинити, _c2019. |
||
| 942 |
_2udc _cCF |
||